| 000 | 00000nam##2200000za#4500 |
| 001 | 9.625461 |
| 003 | CaOODSP |
| 005 | 20200421163403 |
| 007 | ta |
| 008 | 150406|2000||||xxc||||| f|0| 0 fre|d |
| 040 | |aCaOODSP|bfre |
| 043 | |an-cn--- |
| 086 | 1 |aNH18-22/100-117F |
| 110 | 2 |aSociété canadienne d'hypothèques et de logement. |
| 245 | 10|aInstallations mécaniques et électriques des immeubles résidentiels : |bguide du professionnel |
| 260 | |aOttawa - Ontario : |bSociété canadienne d'hypothèques et de logement |c2000. |
| 300 | |a4p. ; |c28 cm. |
| 490 | 1 |aLe point en recherche. Série technique|v00-117 |
| 563 | |aDépliant |
| 590 | |a00-42|b2000-10-20 |
| 691 | 07|aLogement|2gcpds |
| 691 | 07|aChauffage|2gcpds |
| 691 | 07|aÉlectricité|2gcpds |
| 776 | 0#|tInstallations mécaniques et électriques des immeubles résidentiels : |w(CaOODSP)9.607732 |
| 830 | #0|aLe point en recherche. Série technique ;|v00-117|w(CaOODSP)9.513179 |
| 986 | |aLNH 2267 |